Регионална библиотека "Любен Каравелов" - Русе

Куцулан III (Запис номер 454843)

MARC детайли
000 -Лидер
Контролно поле с фиксирана дължина 01090nam a2200301 a 4500
003 - Код на организацията, давaща контролен номер
Контролно поле BLK
005 - Дата и час на последна редакция
Контролно поле 20250328125542.0
008 - Елементи от данни с фиксирана дължина
fixed length control field 210514b bu |||||r|||| 00| | bu d
020 ## - Международен стандартен номер на книга ISBN
Международен стандартен номер на книга ISBN 9786199115091
040 ## - Източник на каталожния запис
Идентификатор на билиотеката - собственик на записа BLK
041 ## - Код за език
Код за езика на текст/звукозапис или на отделно заглавие Български
Код за езика КДБФ Български
080 ## - УДК
Текстов определител УДК Българска литература
УДК код - определител по УДК 821.163.2
УДК определител -312
УДК - код + определител 821.163.2-312
100 ## - Редна дума - Автор
Автор Луи
R(LIN) 480562
Дати, свързани с автора 1977-
Пълна форма на името Павлов, Богдан Николаев
139 ## - Редно поле
Редна дума Луи
245 ## - Сведения за заглавието
Заглавие Куцулан III
Подзаглавни данни Индипасха
Редно поле (дума) Луи ; ил. Ваня Колева
260 ## - Област на издателските данни
9 (RLIN) 453461
Място на издаване, разпространение и проч. Бургас
Име на издателя, разпространителя и проч. Луи
Година на издаване 2021
300 ## - Физическа характеристика
Страници 168 с.
Илюстрации и др. с ил.
Размери/Мащаб 22 см
380 ## - Жанр
Жанр Худож. лит.
500 ## - Общи забележки
Забележка Загл. в изд. каре: Куцулан III Индипасха. - Луи - псевд. на авт. Богдан Николаев Павлов
700 ## - Други автори (авторска отговорност)
9 (RLIN) 599
Лично име Колева, Ваня Николаева
Автороска отговорност (Описва отношението между автора и произведението) ил.
852 ## - Местоположение
Форматна сигнатура Цб 312274
Фондова буква Хранилище
856 ## - Електронен адрес и достъп
Инструкция (цена за достъп) 0.00
Права за достъп disable
942 ## - АРТИКУЛИ
Вид на библиотечния материал Книги
Скрит в OPAC Не
Периодичен библиозапис Да
Koha issues (borrowed), all copies 15
944 ## - СЪЗДАВАНЕ И РЕДАКЦИЯ на ЗАПИСА
Създаване/Редакция Създаване
Служител, извършил регистрацията/редакцията 30575
Статус, дата на статуса Мартин Енчев
999 ## - СИСТЕМНИ КОНТРОЛНИ НОМЕРА
Koha biblionumber 454843
Koha biblioitemnumber 454843
999 ## - СИСТЕМНИ КОНТРОЛНИ НОМЕРА
Koha biblioitemnumber 454843
999 ## - СИСТЕМНИ КОНТРОЛНИ НОМЕРА
Koha biblioitemnumber 454843
999 ## - СИСТЕМНИ КОНТРОЛНИ НОМЕРА
Koha biblioitemnumber 454843
Наличности
Код за отписване Код за изгубен артикул Източник на класификационната схема Код за повреда Коз за рестрикции Код за отдаване Артикулен № Име на библиотеката - собственик Име на библиотеката, в която се намира в момента Статус (Текущо местоположение) Дата на вписване в системата Местоположение - отдел Цена в лева Систематично азбучна сигнатура Баркод Цена в евро Служебен тип на артикула Инвентарен номер
  Не е изгубен Universal Decimal Classification Не е повреден само за читалня ползва се в читалня 883671 Регионална библиотека "Любен Каравелов" Русе Регионална библиотека "Любен Каравелов" Русе Хранилище 2022-05-11 Хранилище 15.00 Цб 312274 120000871699 7.67 Книги  
  Не е изгубен Universal Decimal Classification Не е повреден   заемане за дома 933225 Регионална библиотека "Любен Каравелов" Русе Регионална библиотека "Любен Каравелов" Русе Заемна - подръчен фонд 2023-08-24 Заемна - подръчен фонд 13.50 821.163.2-31/Л 85 120000892398 6.90 Книги 120000892398
  Не е изгубен Universal Decimal Classification Не е повреден   заемане за дома 933226 Регионална библиотека "Любен Каравелов" Русе Регионална библиотека "Любен Каравелов" Русе Заемна - подръчен фонд 2023-08-24 Заемна - подръчен фонд 13.50 821.163.2-31/Л 85 120000892397 6.90 Книги 120000892397
Vip Innovations Ltd, Rousse, Bulgaria 2025